Nineteenth-Century American (USA) Writers - Statistics

General Stats
  • This quiz has been taken 94 times
  • The average score is 10 of 22
Answer Stats
Hint Answer % Correct
A Connecticut Yankee in King Arthur's Court Mark Twain
84%
Moby Dick Herman Melville
82%
Uncle Tom's Cabin Harriet Beecher Stowe
80%
The Call of the Wild Jack London
80%
Leaves of Grass Walt Whitman
76%
Walden Henry David Thoreau
74%
The Fall of the House of Usher Edgar Allan Poe
72%
The Last of the Mohicans James Fenimore Cooper
71%
The Portrait of a Lady Henry James
54%
The House of the Seven Gables Nathaniel Hawthorne
51%
Jo's Boys Louisa May Alcott
50%
Rip Van Winkle Washington Irving
49%
Self-Reliance Ralph Waldo Emerson
47%
My Bondage and my Freedom Frederick Douglass
41%
The Awakening Kate Chopin
34%
Evangeline Henry Wadsworth Longfellow
21%
The Luck of Roaring Camp Bret Harte
17%
The Yellow Wallpaper Charlotte Perkins Gilman
17%
Science and Health with Key to the Scriptures Mary Baker Eddy
13%
Discourse on Woman Lucretia Mott
7%
Out of the Dark Helen Keller
3%
Essays Designed to Elucidate The Science of Political Economy, While Serving To Explain and Defend The Policy of Protection to Home Industry, As a System of National Cooperation For True Elevation of Labor Horace Greeley
1%
No matching quizzes found
Score Distribution
Percent of People with Each Score
Percentile by Number Answered
Your Score History
You have not taken this quiz